Vartmaan rajniti ki jwalant chunautiyan (Record no. 7476)

MARC details
000 -LEADER
fixed length control field 00448nam a2200169Ia 4500
020 ## - INTERNATIONAL STANDARD BOOK NUMBER
ISBN 9788179753972
082 ## - DEWEY DECIMAL CLASSIFICATION NUMBER
Classification number 320.954 MOH-V
100 ## - MAIN ENTRY--AUTHOR NAME
Personal name Mohan, Surender
245 #0 - TITLE STATEMENT
Title Vartmaan rajniti ki jwalant chunautiyan
260 ## - PUBLICATION, DISTRIBUTION, ETC. (IMPRINT)
Place of publication New Delhi
Name of publisher Anamika Publishers
Year of publication 2011
300 ## - PHYSICAL DESCRIPTION
Number of Pages 222
650 ## - SUBJECT ADDED ENTRY--TOPICAL TERM
Topical Term Political science
Geographic subdivision India
650 ## - SUBJECT ADDED ENTRY--TOPICAL TERM
Topical Term Capitalism
Geographic subdivision India
650 ## - SUBJECT ADDED ENTRY--TOPICAL TERM
Topical Term India
Form subdivision Politics and Government
650 ## - SUBJECT ADDED ENTRY--TOPICAL TERM
Topical Term Insurgency
Geographic subdivision India
942 ## - ADDED ENTRY ELEMENTS (KOHA)
Koha item type Books
Holdings
Withdrawn status Lost status Damaged status Not for loan Home library Current library Date acquired Source of acquisition Bill Date Full call number Accession Number Price effective from Koha item type
        NASSDOC Library NASSDOC Library 17/03/2011 HINDI 2011-02-22 320.954 MOH-V 46881 18/04/2019 Books